[Event "Amsterdam ACT op 3rd"]
[Site "Amsterdam"]
[Date "2006.07.19"]
[Round "5"]
[White "L'Ami, Erwin"]
[Black "Timman, Jan H"]
[Result "1/2-1/2"]
[WhiteElo "2586"]
[BlackElo "2594"]
[Annotator "L'Ami,E"]
[PlyCount "82"]
[EventDate "2006.07.15"]
[EventType "swiss"]
[EventRounds "9"]
[EventCountry "NED"]
[SourceTitle "CBM 113 Extra"]
[Source "ChessBase"]
[SourceDate "2006.09.14"]
[SourceVersion "1"]
[SourceVersionDate "2006.09.14"]
[SourceQuality "1"]

1. d4 Nf6 2. c4 e6 3. Nf3 b6 4. g3 Ba6 5. b3 b5 $5 6. cxb5 Bxb5 7. Bg2 Bb4+ ({
In my opinion} 7... Bc6 {is a more solid alternative.}) 8. Bd2 a5 9. Bxb4 $1 ({
It is this highly anti-positional move that gives White a clear advantage. The
move is not new but was first played in 1998 by Ilincic. In the game
Karpov-Christiansen, Wijk aan Zee 1993 Black had decent compensation for the
exchange after} 9. O-O O-O 10. Re1 Bc6 11. a3 Be7 12. Qc2 Be4 13. Qb2 Nc6 14.
Nc3 Bxf3 15. Bxf3 Nxd4 16. Bxa8 Qxa8 $44) 9... axb4 10. Qd2 $1 {The point!
White threathens both Qxb4 and Qg5.} Nd5 ({The aforementioned game continued} 
10... Qe7 11. Qg5 c5 12. Qxg7 Rg8 13. Qh6 c4 14. bxc4 Bxc4 15. Qd2 Bd5 16. Qb2
Nc6 17. O-O {Ilincic-Knezevic, Belgrade 1998 and White consolidated and won.})
11. e4 Nb6 12. Qxb4 Ba6 13. Nbd2 Nc6 14. Qc5 ({It is of vital importance to
prevent Black from castling. Black would have great play for the pawn after} 
14. Qc3 O-O 15. Bf1 Bxf1 16. Kxf1 f5 $1 {in the game Black has to spend some
additional time to castle.}) 14... Ne7 15. Bf1 Bb7 16. Bg2 Ba6 17. Bf1 Bb7 18.
Bd3 O-O 19. O-O f5 20. Qc2 (20. e5 $6 Nbd5 21. a3 Qe8 {followed by Qh5 would
give Black great play.}) 20... fxe4 21. Bxe4 Bxe4 22. Qxe4 Nbd5 23. a4 {
Here I was very happy. Although Black has a nice square on d5 it can't fully
compensate the pawn.} Nc6 $6 24. Ne5 Nxe5 ({Improving White's structrure, a
better try is} 24... Nf6 {with the idea} 25. Qd3 Nb4 {-d5. And if 25.Qe3 Black
can repeat moves with 25...Nd5. White's best is probably 25.Qh4 after which it
is hard to show a good way for Black.}) ({Less advisable is} 24... Nc3 25. Qd3
Nxd4 26. Rfe1 {and the knights are not coming back home.}) 25. dxe5 Qe7 26.
Rac1 Rab8 27. f4 Rb4 28. Rc4 Rxc4 29. Nxc4 h5 $5 30. h4 $6 ({A decision I
regret. The simple} 30. Kg2 {was better. There is no need to be frightened by
any kingside activity from Black.}) 30... Qb4 31. Rf3 Ne7 $1 {Black is
defending with great care. Given some moves he will play Nf5-d4 and back the
knight up with c7-c5.} 32. Rd3 Nf5 33. Kg2 Rb8 ({Now} 33... c5 {would be met by
} 34. Nd6 Nd4 35. Nb5 {with a technically winning game.}) 34. Qf3 Qc5 35. Qxh5
d5 $1 {A devilish trick which was completely missed by your annotator! After
the game my opponent asked me if I had read his book Schaakwerk II. There he
showed a similiar motive by Norwegian GM Agdestein. In this case, however, the
trick doesn't work. I give it an exlamation mark anyway because the move put
me completely of balance.} 36. Nd2 $4 ({The shock of missing 35...d5
influenced my abbility to calculate properly. The forced line} 36. exd6 Ne3+
37. Nxe3 Qxh5 38. dxc7 Rf8 39. Rd8 Qc5 (39... Qe2+ 40. Kh3 {is no improvement.}
) 40. c8=Q Qxc8 41. Rxc8 Rxc8 42. Nc4 {leads to an ending that should be
winning for White.}) 36... Qc2 {Suddenly Black is in the drivers seat!} 37. Qe2
c5 38. Kf2 ({I quickly turned down} 38. Kh3 {because of} c4 {but computers are
tough defenders;} 39. bxc4 dxc4 40. Ra3 {(very natural!)} ({I was mainly
concentrating on} 40. Rd7 c3 41. Qc4 Kh8 {which is better for Black.}) 40...
Nh6 $1 (40... Rc8 $5 {preventing the Qc4-defense that would work after 40...c3.
} 41. Qe1 Qb2 42. Ra1 c3 43. Ne4 (43. Nf1 {looks a bit passive} Nd4 44. Ne3 c2
{winning material.}) 43... c2 (43... Ne3 $5 44. Qxe3 $1 (44. Qg1 c2 45. Rc1 Qa3
{looks like a position I would rather play with Black.}) 44... Qxa1 45. Qd3 c2
46. Nf6+ {with perpetual.}) 44. Rc1 Nd4 45. Qd2 Ne2 46. Qd7 Rf8 {(other rook
moves lose because of Ng5.)} 47. Qxe6+ Kh8 48. Qd6 Rc8 49. Qe6 {and White
saves the draw.}) (40... c3 41. Qc4 Qxd2 42. Qxe6+ Kh8 43. Qxf5 c2 44. e6 c1=Q
45. Qh5+ {with perpetual.}) 41. Qxc4 Qxd2 42. Qxe6+ Kh7 {and here I would
rather play Black.}) 38... Nd4 39. Qe3 Nf5 40. Qe2 Nd4 (40... c4 41. bxc4 dxc4
42. Nxc4 $1 {is a tricky resource.}) 41. Qe3 Nf5 ({And we agreed draw. I was
expecting my opponent to go for the queen-ending after} 41... Rxb3 {(41...Nxb3
leads to the same)} 42. Rxb3 Nxb3 43. Qxb3 Qxd2+ {but as Timman correctly
pointed out after the game} 44. Kf3 c4 45. Qb8+ Kh7 46. Qb1+ $1 {leads to an
immediate draw.}) 1/2-1/2

[Event "Vlissingen HZ op 10th"]
[Site "Vlissingen"]
[Date "2006.08.11"]
[Round "8"]
[White "L'Ami, Erwin"]
[Black "Iordachescu, Viorel"]
[Result "1-0"]
[WhiteElo "2586"]
[BlackElo "2603"]
[Annotator "L'Ami,E"]
[PlyCount "53"]
[EventDate "2006.08.05"]
[EventType "swiss"]
[EventRounds "9"]
[EventCountry "NED"]
[SourceTitle "CBM 113 Extra"]
[Source "ChessBase"]
[SourceDate "2006.09.14"]
[SourceVersion "1"]
[SourceVersionDate "2006.09.14"]
[SourceQuality "1"]

1. d4 Nf6 2. c4 e6 3. Nf3 b6 4. g3 Ba6 5. b3 Bb4+ 6. Bd2 Be7 7. Bg2 c6 8. Bc3
d5 9. Ne5 Nfd7 10. Nxd7 Nxd7 11. Nd2 O-O 12. O-O Nf6 13. e4 dxe4 ({The main
line received a big punch in last years Corus tournament in Wijk aan Zee:} 
13... b5 14. exd5 exd5 15. Re1 Rb8 16. c5 Bc8 17. Nf3 Ne4 18. Rxe4 $1 dxe4 19.
Ne5 Qd5 20. Qe1 Bf5 21. g4 Bg6 22. f3 b4 23. fxe4 {and White went on to win in
grand style. Topalov-Aronian, Wijk aan Zee 2006}) 14. Nxe4 b5 15. Nc5 $1 {
Officialy a novelty but the idea is well known in these type of positions.}
Bxc5 16. dxc5 bxc4 17. Qe2 Nd5 ({The bulletin suggested Black may have held
equality after} 17... Qd3 {but I think the ending is quite bad:} 18. Qxd3 cxd3
19. Bxc6 Rac8 20. Bf3 Nd5 $1 (20... Rxc5 21. Bb4 Rc2 22. Bxf8 Kxf8 23. Rfc1 {
is not an option for Black.}) 21. Be5 $1 (21. Bxd5 {looks attractive but} exd5
22. b4 Rfe8 23. a4 Bc4 24. Rfe1 Re2 25. Rxe2 dxe2 26. f3 d4 $1 {gives enough
counterplay.}) 21... Rfd8 22. Bd6 Nc3 23. a4 $1 d2 24. Rfd1 Nxd1 25. Rxd1 e5
26. b4 {and White is ready to take on d2 with a big advantage.}) 18. Be5 Qg5 ({
The complications after} 18... Qa5 {seem to favour White;} 19. bxc4 Qxc5 20.
Qg4 f6 21. Qxe6+ Rf7 (21... Kh8 22. Bd6 Qxc4 23. Bxf8 Rxf8 24. Rfc1 {doesn't
help either.}) 22. Bd6 (22. cxd5 $5 fxe5 23. Rac1 Qd4 24. Rfe1 Qxf2+ 25. Kh1 {
also causes problems for Black but is less clear then 22.Bd6.}) 22... Qxc4 23.
Rac1 Qe2 24. Qxe2 Bxe2 25. Rxc6 $1 Ne7 26. Rc7 Re8 27. Rfc1 {with a clear
advantage.}) 19. Bd6 Rfd8 20. bxc4 {Not only restoring the material balance
but also preparing to chase the knight away from d5 with Qc2. White is winning.
} Rac8 21. Qc2 Nb6 22. cxb6 Rxd6 23. Qa4 Bb7 24. Qxa7 Qe7 25. Qa3 c5 26. Qa7 $1
{A nice finish.} Rd7 27. Rad1 1-0

[Event "FRA-NED"]
[Site "Cannes"]
[Date "1990.??.??"]
[Round "3"]
[White "Ligterink, Gert"]
[Black "Lautier, Joel"]
[Result "0-1"]
[WhiteElo "2410"]
[BlackElo "2500"]
[Annotator "Lautier,J"]
[PlyCount "50"]
[EventDate "1990.02.??"]
[EventType "schev"]
[EventRounds "10"]
[EventCountry "FRA"]
[SourceTitle "CBM 018"]
[Source "ChessBase"]
[SourceDate "1990.10.01"]
[SourceVersion "1"]
[SourceVersionDate "1990.10.01"]
[SourceQuality "1"]

1. d4 Nf6 2. Nf3 e6 3. c4 b6 4. g3 Ba6 5. Qb3 Nc6 6. Nbd2 Na5 7. Qc2 c5 8. e4
cxd4 9. e5 Ng8 10. Bd3 Qc7 $5 {N} 11. O-O $6 (11. Bxh7 Ne7 12. Be4 (12. Ne4 $2
Nec6 {/\ Nb4 -+}) 12... Rc8 $13) 11... Ne7 12. b4 $6 (12. Nxd4 Rc8 $1 (12...
Nec6 $2 13. Nb5 Qxe5 14. Nf3 Qb8 15. Bf4 d6 16. Be4 $16) (12... Qxe5 $2 13.
N2f3 Qc7 14. Bf4 d6 15. b4 e5 (15... Nac6 16. Nb5 $18) 16. bxa5 exf4 17. axb6
axb6 18. Qa4+ Qd7 19. Nb5 Nc6 20. Bf5 $1 Qxf5 (20... Qb7 21. Nbd4 $18) 21. Nc7+
$18) (12... Ng6 13. f4 Bc5 14. N2f3 Bxc4 15. Be3 Bxd3 16. Qxd3 O-O 17. Rac1 Qb7
18. Nb5 Bxe3+ 19. Qxe3 $44) 13. N2f3 (13. b3 Nec6 $17) (13. b4 Nac6 $17) 13...
Ng6 $15) 12... Nac6 13. a3 Bb7 14. Bb2 Ng6 $17 15. Bxg6 $2 hxg6 16. Rfe1 Rh5 $1
$19 17. Nxd4 (17. g4 Rh3 18. Kg2 Rxf3 $19) 17... Nxe5 18. Rad1 Rc8 19. f3 a6
20. Re3 Be7 21. Rde1 Nxc4 22. Nxe6 dxe6 23. Rxe6 fxe6 24. Qxg6+ Kd8 25. Nxc4
Rg5 0-1

[Event "Olympiad-32"]
[Site "Yerevan"]
[Date "1996.09.18"]
[Round "3.1"]
[White "Kasparov, Garry"]
[Black "Lautier, Joel"]
[Result "1/2-1/2"]
[WhiteElo "2785"]
[BlackElo "2620"]
[Annotator "Lautier,J"]
[PlyCount "50"]
[EventDate "1996.09.15"]
[EventType "team-swiss"]
[EventRounds "14"]
[EventCountry "ARM"]
[SourceTitle "CBM 055"]
[Source "ChessBase"]
[SourceDate "1996.12.01"]
[SourceVersion "1"]
[SourceVersionDate "1996.12.01"]
[SourceQuality "1"]
[WhiteTeam "Russia"]
[BlackTeam "France"]
[WhiteTeamCountry "RUS"]
[BlackTeamCountry "FRA"]

1. d4 Nf6 2. c4 e6 3. Nf3 b6 4. g3 Ba6 5. b3 Bb4+ 6. Bd2 Be7 7. Bg2 c6 8. Bc3
d5 9. Nbd2 Nbd7 10. O-O O-O 11. Re1 c5 12. e4 dxc4 13. Nxc4 Bb7 14. e5 Nd5 15.
Bd2 Rc8 16. Qe2 $146 b5 $1 $10 17. Na5 (17. Nd6 $6 Bxd6 18. exd6 c4 $36) (17.
Ba5 N7b6 $10) 17... Ba8 (17... Ba6 $2 18. a4 Qb6 19. Bf1 Nc7 20. axb5 Bxb5 21.
Nc4 $36) 18. Qxb5 (18. dxc5 Rxc5 $1 $10 19. b4 $2 Rc2 20. Nd4 $2 Rxd2 21. Qxd2
Bxb4 $19) 18... cxd4 19. Nxd4 (19. Rac1 Nc3 $10) 19... Rc5 20. Qa6 $8 (20. Nb7
$4 Rxb5 21. Nxd8 Rb6 $19) 20... Nc7 21. Qe2 (21. Qxa7 $2 Bxg2 22. Kxg2 Nxe5 {
/\ Qd5} 23. Rxe5 Rxe5 (23... Qxd4 $2 24. Nc6 $1 $18) 24. Nac6 Bc5 $1 $17) (21.
Qf1 Bxg2 (21... Nxe5 $6 22. Bxa8 Qxa8 23. Bb4) 22. Qxg2 Nxe5 23. Nac6 (23. Rxe5
$2 Qxd4 24. Rxc5 Qxa1+ 25. Rc1 Qxa2 $17) (23. Nb7 Qxd4 24. Be3 (24. Nxc5 $2
Bxc5 25. Be3 Qd6 26. Bxc5 Qxc5 27. Rac1 Qd6 28. Rcd1 Nd5 $17) 24... Qd5 $1 25.
Bxc5 Nf3+ 26. Kh1 Bxc5 27. Nxc5 Nxe1 28. Qxd5 Nxd5 29. Rxe1 Rc8 30. Nd3 $10)
23... Nxc6 24. Nxc6 Qxd2 25. Nxe7+ Kh8 $10) 21... Bxg2 (21... Rxe5 $2 22. Qf1
$1 $36 {>< c6}) 22. Kxg2 Nxe5 23. b4 (23. Bb4 Qxd4 24. Bxc5 Bxc5 25. Qxe5 (25.
Rad1 Qb4 26. Qxe5 Qxa5 $17) 25... Qxf2+ $5 (25... Qxe5 26. Rxe5 Bd4 27. Ree1
$10) 26. Kh3 Nd5 $40) 23... Rd5 (23... Rxa5 24. bxa5 Qxd4 25. Qxe5 Qxe5 26.
Rxe5 Bf6 27. Rc5 Na6 $10) (23... Qa8+ 24. Kg1 (24. Qe4 $2 Rd5 $17 {/\ f5})
24... Rd5 {-> 23...Rd5}) 24. Bc3 Qa8 (24... Bxb4 $2 25. Bxb4 (25. Nac6 $5)
25... Rxd4 26. Qxe5 Rxb4 27. Nc6 Qa8 28. Qxc7 Rc8 29. Qxc8+ $18) 25. Kg1 $6 (
25. f3 $5 $13 {/\} Bxb4 $2 26. Bxb4 Rxd4 27. Bc3 $18 (27. Qxe5 $2 Rxb4 28. Qxc7
Rb2+ 29. Kh3 Qxf3 $40)) 25... Bf6 $15 (25... Bf6 26. Nab3 (26. f4 Rxa5 $1 {
(Kasparov)} 27. bxa5 Nf3+ 28. Nxf3 (28. Qxf3 $4 Bxd4+ 29. Kg2 Qxf3+ 30. Kxf3
Bxc3 $19) 28... Bxc3 29. Rec1 Bxa1 30. Rxc7 h6 $15 (30... Rc8 $6 31. Qe4))
26... Rfd8 27. f4 Ng6 28. Rad1 $15) 1/2-1/2

[Event "Tilburg Fontys"]
[Site "Tilburg"]
[Date "1996.10.14"]
[Round "4"]
[White "Van Wely, Loek"]
[Black "Lautier, Joel"]
[Result "1/2-1/2"]
[WhiteElo "2605"]
[BlackElo "2620"]
[Annotator "Lautier,J"]
[PlyCount "58"]
[EventDate "1996.10.11"]
[EventType "tourn"]
[EventRounds "11"]
[EventCountry "NED"]
[EventCategory "16"]
[SourceTitle "CBM 056"]
[Source "ChessBase"]
[SourceDate "1997.02.01"]
[SourceVersion "1"]
[SourceVersionDate "1997.02.01"]
[SourceQuality "1"]

1. d4 Nf6 2. c4 e6 3. Nf3 b6 4. g3 Ba6 5. b3 Bb4+ 6. Bd2 Be7 7. Bg2 c6 8. Bc3 {
A new opening variation for Loek, but the most likely to happen given his
joint study of this line with Kamsky during the match against Karpov.} d5 9.
Ne5 Nfd7 10. Nxd7 Nxd7 11. Nd2 O-O 12. O-O f5 {This interesting move has never
really caught on but it deserves more consideration in my opinion. Black
radically solves the problem of the e4-push and keeps the c3-B hemmed in for a
while. The flip side is that you have to live up with your weaknesses on e5
and e6, but it's not such a bad version of the Dutch Stonewall, is it ?} 13.
Rc1 Rc8 14. Bb2 b5 $146 {Taking advantage of the B's retreat to b2, which
allows Black to push his b-P further after White closes the game with c5.} 15.
c5 b4 16. Nf3 Bf6 17. Qd2 Rb8 18. Ra1 $1 {[%cal Ya1a7] The right plan: White
is ready to open the a-file at any suitable moment.} (18. Ne1 $6 {disrupts the
coordination of White's pieces and relinquinshes control of e5.} Qa5 $5 19. Ra1
e5 $132) 18... Bb5 $2 {[%csl Rb4] A silly mistake. The threat cetainly proved
stronger than its execution here, as I hurried to prepare for a3 before the
move was made. My idea was of course to follow-up with ...a6 once the a-file
had been opened, but I somehow 'forgot' that the b4-P was still here and
needed protection.} (18... Rb7 $1 19. a3 bxa3 20. Rxa3 Bb5 21. Rfa1 a6 $13 {
/\ g5-g4, h5}) 19. Rfc1 $1 $16 {>< b4: White plainly threatens to take on b4
as ...Be2 is now answered by Qe1 winning e6 and the game.} g5 $1 {[%cal Yg5g4,
Yh7h4] "Aux grands maux, les grands remèdes", in other words, great pains call
for great remedies. The best move given the circumstances, as White is at
least given something to worry about: an attack on the kingside by g4 and
h5-h4.} (19... Ba6 $2 {There is unfortunately no way back.} 20. a3 $16) (19...
Qc7 20. Qxb4 $1 Bxe2 21. Qe1 Bxf3 22. Qxe6+ Kh8 23. Bxf3 Rbe8 24. Qd6 $16) (
19... a5 {Opening the a-file would only make matters worse.} 20. a3 g5 (20...
bxa3 21. Rxa3 Ra8 22. Rca1 $16) (20... Qc7 21. axb4 axb4 22. Ra2 Rb7 23. Rca1 {
/\ Ne1-c2+/-}) 21. axb4 axb4 22. Ra7 $16) 20. Qxb4 (20. e3 $5 {was a safer
option, which was equally good} a5 (20... g4 21. Ne1 h5 22. Qxb4 h4 23. Qd2 Rf7
24. Nd3 Rh7 25. Nf4 Nf8 26. a4 Ba6 27. b4 $16) 21. a3 Qc7 22. axb4 axb4 23. Ra2
$16 {/\ Rca1, Ne1-c2}) 20... g4 21. Ne5 Bxe5 (21... Nxe5 22. dxe5 Bg5 23. e3
Bd3 (23... Bf1 24. Qd4 Bxg2 25. Kxg2 h5 26. Rh1 $1 h4 27. h3 $16) 24. Qd2 $1
Be4 25. Qe2 $1 {/\ Be4, >< g4} h5 26. h4 $1 gxh3 27. Bxe4 fxe4 28. Qxh5 $16)
22. dxe5 Bxe2 23. Qd2 Ba6 24. b4 $1 {[%csl Rb5][%cal Ya2a4,Yb4b5,Yc5c6]} Rf7 {
[%cal Yd7f8,Yf8g6,Yf7b7,Ya6c4] Black is walking on a tight rope, he has but
one decent plan to try and reach a defensible position: transfer his N to g6,
double on the b-file and put his B on c4. Only then will he be able to breath
with relief.} (24... Bc4 $2 25. Rxc4 dxc4 26. Rd1 $1 $18 (26. Bxc6 $2 Nxc5 27.
Qxd8 Rfxd8 $17)) 25. a4 Nf8 (25... Bc4 26. Rxc4 $1 dxc4 27. Bxc6 Nxc5 (27...
Qc7 28. Qd6 $16 (28. Bb5 $16)) 28. Qxd8+ Rxd8 29. bxc5 Rc8 30. Bb5 Rxc5 31. Bd4
$16) 26. Bd4 $2 {A routine move which throws away the win.} (26. b5 $1 {
was winning by force} cxb5 27. Bf1 Rc7 (27... Qc8 28. Qa5 $1 Qc6 29. Bd4 Rfb7
30. Rab1 Ng6 31. Rb2 bxa4 (31... Ne7 32. Rcb1 $18) 32. Rxb7 Bxb7 33. Bb5 Qc8
34. c6 Ne7 35. c7 Ra8 36. Qxa4 $18) 28. Bd4 $1 {/\ Qa5} (28. Qa5 $2 bxa4 $1 {
[%cal Rb8b2]}) (28. c6 $2 Qe8 $1 (28... Qc8 $2 29. Qa5 Rxc6 30. axb5 Rc2 31.
Bd3 Rxc1+ 32. Rxc1 Qb7 33. Rc7 Qb6 34. Qxb6 Rxb6 35. Bd4 $18) 29. Qa5 Rxc6 $1
$132) 28... Rc6 29. Qb4 $1 {/\ ab5} bxa4 30. Qxa4 $18 {[%csl Ra6,Rc6]}) 26...
Bc4 $1 $8 27. Rab1 (27. Rxc4 $2 dxc4 28. Bxc6 Rxb4 29. Qxb4 Qxd4 30. Rc1 Rc7
$17) 27... Ng6 28. Ba1 $2 {There was no reason to remove this B, as Rxc4 is
not a real threat. This important loss of tempo gives Black the chance to
balance the position.} (28. Rxc4 $2 dxc4 29. Bxc6 Nxe5) (28. Bf1 $1 {was the
right idea} Bxf1 29. Kxf1 a6 30. b5 axb5 31. axb5 Rxb5 32. Rxb5 cxb5 33. c6 $36
) 28... Rfb7 $1 {/\ a5: Black has achieved all he could possibly hope for in
this position.} 29. Bf1 $1 (29. Rxc4 $6 {would be dangerous, as White is then
on the verge of being worse.} dxc4 30. Qxd8+ Rxd8 31. Bxc6 Rxb4 $1 32. Rxb4
Rd1+ 33. Kg2 Rxa1 34. Bb5 $8 (34. Bd7 $6 Kf7 $1 35. c6 $2 Nxe5 36. c7 Nf3 37.
Bxe6+ Kf6 $19) 34... Nxe5 35. Bxc4 Nf3 36. Bf1 Ne1+ 37. Kg1 Nf3+ $10) 29...
Bxf1 {In this complex position, I offered a draw which was accepted without
much hesitation. The chances are actually equal} (29... Bxf1 30. Kxf1 a6 (30...
d4 $2 {is attractive but wrong} 31. b5 (31. Qa2 $5) 31... a6 (31... Qd5 32.
Qxd4 Qh1+ 33. Ke2 Qf3+ 34. Ke1 Qh1+ 35. Kd2 $16) 32. Qa2 $1 $16 (32. b6 $2 Rd7
$1 $13 {/\ Rd5})) 31. Bd4 Nh8 $1 {[%cal Yh8f7,Yf7g5,Rg5f3,Rg5e4] /\ Nh7-g5-f3}
32. Be3 $1 Ng6 (32... Nf7 $6 33. Bf4 Kg7 {[%cal Yh7h6,Yf7g5] /\ h6, Ng5} (33...
d4 $2 34. Qa2 $1 $16 {/\ Qc4} (34. Rc4 $2 Qd5)) (33... h6 $2 34. Bxh6 $16) 34.
Rb2 h6 35. Rcb1 Ng5 36. Qd3 Qc7 37. Qxa6 Ra7 38. Qd3 Rxa4 39. b5 cxb5 40. Rxb5
Rxb5 41. Qxb5 Ra5 42. Qe8 $16) 33. Qc3 (33. Bd4 Nh8 $1 $10) 33... Qc7 34. Bd4
Nh8 $13) 1/2-1/2

[Event "Tilburg Fontys"]
[Site "Tilburg"]
[Date "1997.09.30"]
[Round "4"]
[White "Piket, Jeroen"]
[Black "Lautier, Joel"]
[Result "0-1"]
[WhiteElo "2630"]
[BlackElo "2660"]
[Annotator "Lautier,J"]
[PlyCount "94"]
[EventDate "1997.09.27"]
[EventType "tourn"]
[EventRounds "11"]
[EventCountry "NED"]
[EventCategory "17"]
[SourceTitle "CBM 061"]
[Source "ChessBase"]
[SourceDate "1997.11.23"]
[SourceVersion "1"]
[SourceVersionDate "1997.11.23"]
[SourceQuality "1"]

1. d4 Nf6 2. Nf3 e6 3. c4 b6 4. g3 Ba6 5. Nbd2 Bb7 6. Bg2 c5 7. e4 cxd4 8. O-O
d6 9. Nxd4 Qd7 10. b3 Nc6 11. Nb5 $5 Be7 12. Bb2 O-O 13. Re1 Rad8 (13... a6 14.
Nc3 b5 $6 15. cxb5 axb5 16. Nxb5 Nb4 17. Bf1 Rxa2 18. Rxa2 Nxa2 19. Ba3 $36 {
[%csl Ra2] >< Na2}) (13... Rac8 $5 14. Nf1 a6 15. Nc3 Qc7 $13) 14. Nf1 Qc8 15.
Ne3 Qb8 16. Nc3 (16. Ng4 Ne5 $1 $11) 16... Rfe8 17. Qe2 $1 {[%cal Ga1d1,Gd1d2,
Ge2d1] /\ Rad1, Rd2, Qd1} a6 18. Rad1 Na7 19. a4 Qa8 $6 (19... Bc6 $1 $11 {
[%cal Gb6b5] /\ b5}) 20. Rd2 Nc6 21. Qd1 (21. Ba3 $5 Ne5 $140 22. f4 {>< d6})
21... Ne5 22. Nc2 $1 $14 {[%cal Gc2d4,Gf2f4,Gf4f5] /\ Nd4, f4-f5} Ned7 23. Nd4
Nb8 (23... Nc5 24. Qc2 $14 {/\ f4-f5, b4, >< e6}) 24. Ba3 Rd7 25. h4 $1 {
/\ g4-g5} (25. f4 Nc6 $1 $11 26. Nxc6 Bxc6 27. Bxd6 $2 Red8 28. e5 Bxg2 29.
Rxg2 Bxd6 30. exd6 Rxd6 $15) 25... Red8 $6 (25... h6 $1 $14 26. g4 $140 $2 Nh7
$1 $15) 26. g4 Nc6 27. g5 Ne8 28. Qg4 $6 (28. Nxc6 $1 Bxc6 29. Qg4 b5 30. cxb5
axb5 31. axb5 Bxe4 32. Bxe4 Qxa3 33. Bc6 $36) 28... Nxd4 29. Rxd4 Nc7 30. Rd3
b5 31. h5 bxc4 32. bxc4 Ne8 33. h6 $2 $138 (33. g6 $1 Nf6 34. gxf7+ Kxf7 35.
Rf3 Qc8 36. Bh3 Qxc4 37. Nd5 $1 $40) 33... g6 34. Bh3 $2 (34. Bf1 $15) 34...
Qc8 35. Rd4 Rc7 36. Rc1 e5 $19 37. Qg3 Qa8 38. Rdd1 Rxc4 39. Nd5 Bxd5 40. exd5
Rxa4 41. Rb1 Ra5 $1 (41... Bxg5 $6 42. Bxd6 $1 Bh4 43. Qb3 (43. Qxe5 $2 Bf6 $1
$19 {/\ Nd6}) 43... Bxf2+ 44. Kg2 $1 $132) (41... Rb8 $6 42. Bd7 $132) 42. Bg2
Rb8 43. Qc3 Rab5 44. Rxb5 axb5 45. Ra1 b4 46. Bxb4 Qb7 47. Ba3 Bxg5 0-1